• 首页
  • 本馆介绍
  • 公告通知
  • 最新文献
  • 馆藏检索
  • 电子资源
  • 读者导购
  • 参考咨询
  • 我的图书馆
  • 登录
  • 详细信息显示
  • 放入我的书架
  • 预约/预借图书
  • 作者相关作品
  • 分类相关作品
  • 丛书相关作品
  • 出版社相关作品

书目信息

  • 表格格式
  • 工作单格式
  • 卡片格式
题名:
新手上路一点通
    
 
作者: 翟勤 编
分册:  
出版信息: 北京   人民交通出版社  2005
页数: 237页
开本: 21cm
丛书名:
单 册:
中图分类: U471.1
科图分类:
主题词: 汽车--驾驶员--基本知识 , 汽车 , 驾驶员
电子资源:
ISBN: 7-114-05391-6
000 00708nam0 2200241 450
001 002850085
005 20061107093433.48
010    @a7-114-05391-6@dCNY14.00
100    @a20050410d2005 em y0chiy0110 ea
101 0  @achi
102    @aCN@b110000
105    @aa z 000yy
200 1  @a新手上路一点通@9xin shou shang lu yi dian tong@f翟勤编
210    @a北京@c人民交通出版社@d2005
215    @a237页@c图@d21cm
330    @a本书讲述了如何尽可能地少走弯路,直接面对和解决独立上路过程中所遇到的一系列现实问题。
606 0  @a汽车@x驾驶员@x基本知识
606 0  @a汽车
606 0  @a驾驶员
690    @aU471.1@v4
701  0 @a翟勤@9zhai qin@4编
801  0 @aCN@bNLC@c20061107
905    @a10447@dU471.1@e137
    
    新手上路一点通/翟勤编.-北京:人民交通出版社,2005
    237页:图;21cm
    
    
    ISBN 7-114-05391-6:CNY14.00
    本书讲述了如何尽可能地少走弯路,直接面对和解决独立上路过程中所遇到的一系列现实问题。
●
相关链接 在E读中查询图书 在五车中查询图书 在当当中查询图书 在豆瓣中查询图书


正题名:新手上路一点通     索取号:U471.1/137         预约/预借

序号 登录号 条形码 馆藏地/架位号 状态 备注
1 0381959   203819591   第二样本阅览室/ [索取号:U471.1/137] 在馆    
2 0381960   203819608   第三借阅区/ [索取号:U471.1/137] 在馆    
3 0381961   203819617   第三借阅区/ [索取号:U471.1/137] 在馆    
4 0381962   203819626   第三借阅区/ [索取号:U471.1/137] 在馆    
5 0381963   203819635   第三借阅区/ [索取号:U471.1/137] 在馆    
唐山师范学院图书馆 欢迎您!
大连网信软件有限公司© 版权所有